Logistics development in ASEAN : (Record no. 27334)

000 -LEADER
fixed length control field 02561nam a2200385 i 4500
006 - FIXED-LENGTH DATA ELEMENTS--ADDITIONAL MATERIAL CHARACTERISTICS--GENERAL INFORMATION
fixed length control field m|||||o||d||||||||
007 - PHYSICAL DESCRIPTION FIXED FIELD--GENERAL INFORMATION
fixed length control field cr||||||||||||
008 - FIXED-LENGTH DATA ELEMENTS--GENERAL INFORMATION
fixed length control field 190108s2019||||si o ||1 0|eng|d
020 ## - INTERNATIONAL STANDARD BOOK NUMBER
International Standard Book Number 9789814818087 (ebook)
040 ## - CATALOGING SOURCE
Original cataloging agency UkCbUP
Language of cataloging eng
Description conventions rda
082 04 - DEWEY DECIMAL CLASSIFICATION NUMBER
Classification number 658.7/2
Edition number 23
100 1# - MAIN ENTRY--PERSONAL NAME
Personal name Tham, Siew Yean,
245 10 - TITLE STATEMENT
Title Logistics development in ASEAN :
Remainder of title complex challenges ahead /
300 ## - PHYSICAL DESCRIPTION
Extent 1 online resource (36 pages) :
Other physical details digital, PDF file(s).
490 1# - SERIES STATEMENT
Series statement Trends in Southeast Asia ;
Volume number/sequential designation 2018 no. 18
500 ## - GENERAL NOTE
General note Title from publisher's bibliographic system (viewed on 20 Feb 2019).
520 ## - SUMMARY, ETC.
Summary, etc Growing urbanization, increasing trade and investment due to integration, and emerging new business models like e-commerce are accelerating the demand for efficient logistics in each ASEAN country. The logistics sector is inherently complex due to its scope, ranging from physical infrastructure covering four modes of transport, customs, and services. Each of these sub-sectors is regulated by different government agencies, leading to complex challenges in each country's logistics sector. Policymaking has a tendency to be done piecemeal rather than integratively, while a more or less fragmented governance structure impedes implementation. ASEAN liberalization commitments focusses on raising the cap on foreign equity, while regulatory reform remains untouched. Also, flexibility offered in these commitments allows for non-compliance. Going forward, developing seamless logistics requires ASEAN countries to first overcome their domestic challenges. Each country needs to develop comprehensive plans, and effective implementation of these is essential. Liberalization commitments should complement domestic reforms in each country.
650 #0 - SUBJECT ADDED ENTRY--TOPICAL TERM
Topical term or geographic name as entry element Business logistics
Geographic subdivision Southeast Asia.
Topical term or geographic name as entry element Infrastructure (Economics)
Geographic subdivision Southeast Asia.
Topical term or geographic name as entry element Transportation
Geographic subdivision Southeast Asia.
700 1# - ADDED ENTRY--PERSONAL NAME
Personal name Basu Das, Sanchita,
Relator term author.
776 08 - ADDITIONAL PHYSICAL FORM ENTRY
Display text Print version:
International Standard Book Number 9789814818070
830 #0 - SERIES ADDED ENTRY--UNIFORM TITLE
Uniform title Trends in Southeast Asia ;
Volume number/sequential designation 2018 no. 18.
856 40 - ELECTRONIC LOCATION AND ACCESS
Uniform Resource Identifier <a href="https://www.cambridge.org/core/product/identifier/9789814818087/type/BOOK">https://www.cambridge.org/core/product/identifier/9789814818087/type/BOOK</a>
264 #1 -
-- Singapore :
-- ISEAS-Yusof Ishak Institute,
-- 2019.
336 ## -
-- text
-- txt
-- rdacontent
337 ## -
-- computer
-- c
-- rdamedia
338 ## -
-- online resource
-- cr
-- rdacarrier

No items available.

Designed and Maintained by IMU-KC Library, Kolkata Campus © Copyright All Rights Reserved

webs counters

Powered by Koha